| 000 | 00529nam a2200181Ia 4500 | ||
|---|---|---|---|
| 999 |
_c8692 _d8692 |
||
| 003 | OSt | ||
| 005 | 20201006112924.0 | ||
| 008 | 190216s9999||||xx |||||||||||||| ||und|| | ||
| 020 | _a8176561703 | ||
| 040 | _coclc | ||
| 082 |
_a005.4469 _bTAY/L |
||
| 100 |
_aTaylor, Grant _95350 |
||
| 245 | 0 |
_aLinux Complete / _cGrant Taylor |
|
| 260 |
_bBpb Publications, _c2000. _aNew Delhi: |
||
| 300 | _a985p | ||
| 650 | _a"Computer Programming. Programs, Data" | ||
| 942 |
_cBK _2ddc _h005.4469 _iTAY/L _k005.4469 _mTAY/L |
||